| Tag |
First Indicator |
Second Indicator |
Subfields |
| LEADER |
00000cam a2200000Ia 4500 |
| 001 |
in00002000688 |
| 005 |
20151031122202.0 |
| 008 |
040927s2004 nmua b f000 0 eng d |
| 035 |
|
|
|a (OCoLC)ocm56554379
|
| 040 |
|
|
|a GPO
|c GPO
|d MvI
|d UtOrBLW
|
| 043 |
|
|
|a n-us-nm
|
| 049 |
|
|
|a UDOC
|
| 074 |
|
|
|a 0086-C
|
| 086 |
0 |
|
|a A 13.36/2:C 76/2004
|
| 100 |
1 |
|
|a Cain, Robert.
|
| 245 |
1 |
0 |
|a Conifer pests in New Mexico /
|c prepared by Robert Cain and Douglas Parker.
|
| 250 |
|
|
|a Rev.
|
| 264 |
|
1 |
|a [Albuquerque, N.M.] :
|b U.S. Dept. of Agriculture, Forest Service, Southwestern Region,
|c [2004]
|
| 300 |
|
|
|a 54 pages :
|b color illustrations ;
|c 22 cm.
|
| 336 |
|
|
|a text
|b txt
|2 rdacontent
|
| 337 |
|
|
|a unmediated
|b n
|2 rdamedia
|
| 338 |
|
|
|a volume
|b nc
|2 rdacarrier
|
| 500 |
|
|
|a Cover title.
|
| 500 |
|
|
|a "New Mexico State University--Cooperative Extension Service."
|
| 500 |
|
|
|a "May 2004"--Title page verso.
|
| 500 |
|
|
|a Shipping list number: 2004-0271-P.
|
| 500 |
|
|
|a Shipping List Date: 09/20/2004
|
| 504 |
|
|
|a Includes bibliographical references (pages 52-53).
|
| 650 |
|
0 |
|a Conifers
|x Diseases and pests
|z New Mexico.
|
| 700 |
1 |
|
|a Parker, Douglas L.,
|d 1943-
|
| 710 |
1 |
|
|a United States.
|b Forest Service.
|b Southwestern Region.
|
| 710 |
2 |
|
|a New Mexico State University.
|b Cooperative Extension Service.
|
| 999 |
|
|
|a MARS
|
| 999 |
f |
f |
|s dfe9e05d-059b-3e2c-ad16-d463ea28040e
|i d9243a7b-6011-373f-88cd-d8a5e6854871
|t 0
|
| 952 |
f |
f |
|p normal
|a Texas A&M University
|b College Station
|c Sterling C. Evans Library
|d Evans: US Documents (Annex 5th floor)
|t 0
|e A 13.36/2:C 76/2004
|h Superintendent of Documents classification
|i unmediated -- volume
|m A14832127631
|
| 998 |
f |
f |
|a A 13.36/2:C 76/2004
|t 0
|l Evans: US Documents (Annex 5th floor)
|